[Event "GER-chT U10"]
[Site "Magdeburg"]
[Date "2012.12.29"]
[Round "6.2"]
[White "Quinque, Julia"]
[Black "Schneider, Konstantin"]
[Result "0-1"]
[WhiteElo "854"]
[BlackElo "797"]
[PlyCount "34"]
[EventDate "2012.12.27"]
[EventType "team-swiss"]
[EventRounds "7"]
[EventCountry "GER"]
[SourceTitle "EXT 2014"]
[Source "ChessBase"]
[SourceDate "2013.11.20"]
[SourceVersion "1"]
[SourceVersionDate "2013.11.20"]
[SourceQuality "1"]
[WhiteTeam "Merseburg"]
[BlackTeam "Erfurt Empor II"]
[WhiteTeamCountry "GER"]
[BlackTeamCountry "GER"]

1. c4 e5 2. Nc3 Nf6 3. d3 d5 4. b3 Bb4 5. Bd2 d4 6. Nb1 Be7 7. Nf3 Nc6 8. g3 Bg4 9. Nh4 Nh5 10. h3 Be6 11. Bg2 Bxh4 12. gxh4 Qxh4 13. Na3 0-0 14. 0-0 Bxh3 15. Bxh3 Qxh3 16. f3 Rfe8 17. Kf2 Qg3# 0-1

[Event "GER-chT U10"]
[Site "Magdeburg"]
[Date "2012.12.28"]
[Round "4.2"]
[White "Quinque, Julia"]
[Black "Goutsis, Helena"]
[Result "1/2-1/2"]
[WhiteElo "854"]
[BlackElo "783"]
[PlyCount "52"]
[EventDate "2012.12.27"]
[EventType "team-swiss"]
[EventRounds "7"]
[EventCountry "GER"]
[SourceTitle "EXT 2014"]
[Source "ChessBase"]
[SourceDate "2013.11.20"]
[SourceVersion "1"]
[SourceVersionDate "2013.11.20"]
[SourceQuality "1"]
[WhiteTeam "Merseburg"]
[BlackTeam "Iserlohn Koenigsspringer"]
[WhiteTeamCountry "GER"]
[BlackTeamCountry "GER"]

1. c4 e5 2. Nc3 Nc6 3. Nf3 Nf6 4. g3 Bc5 5. e3 d6 6. Bg2 Bf5 7. 0-0 0-0 8. d3 Qd7 9. d4 Bb4 10. dxe5 dxe5 11. Qxd7 Bxd7 12. a3 Ba5 13. b4 Bxb4 14. axb4 Nxb4 15. Nxe5 Be6 16. Ba3 Nc2 17. Ra2 Nxa3 18. Rxa3 c6 19. Rb1 Rab8 20. Ne4 h6 21. Nxf6+ gxf6 22. Ng4 Bxg4 23. h3 Bf5 24. Rd1 Bc2 25. Rd2 Bb1 26. Rb3 Bg6 1/2-1/2

[Event "GER-chT U10"]
[Site "Magdeburg"]
[Date "2012.12.28"]
[Round "3.2"]
[White "Riegel, Simon"]
[Black "Quinque, Julia"]
[Result "1-0"]
[WhiteElo "681"]
[BlackElo "854"]
[PlyCount "61"]
[EventDate "2012.12.27"]
[EventType "team-swiss"]
[EventRounds "7"]
[EventCountry "GER"]
[SourceTitle "EXT 2014"]
[Source "ChessBase"]
[SourceDate "2013.11.20"]
[SourceVersion "1"]
[SourceVersionDate "2013.11.20"]
[SourceQuality "1"]
[WhiteTeam "Langen"]
[BlackTeam "Merseburg"]
[WhiteTeamCountry "GER"]
[BlackTeamCountry "GER"]

1. e4 c5 2. Nf3 Nc6 3. Bc4 d6 4. Ng5 e6 5. d3 Nf6 6. Qf3 Nd4 7. Qd1 g6 8. c3 Nc6 9. 0-0 a6 10. d4 b5 11. Bd3 c4 12. Bc2 Bg7 13. Re1 0-0 14. Bf4 d5 15. e5 Nd7 16. Nd2 h6 17. Ngf3 Bb7 18. b3 Nb6 19. bxc4 dxc4 20. Be4 Na4 21. Re3 Qd7 22. Qc2 Na5 23. Bxb7 Nxb7 24. Nf1 b4 25. cxb4 Qc7 26. N1d2 c3 27. Ne4 g5 28. Bg3 Nb6 29. Nexg5 hxg5 30. Nxg5 Nc4 31. Qh7# 1-0

[Event "GER-chT U10"]
[Site "Magdeburg"]
[Date "2012.12.27"]
[Round "2.2"]
[White "Quinque, Julia"]
[Black "Tuente, Lukas"]
[Result "0-1"]
[WhiteElo "854"]
[BlackElo "743"]
[PlyCount "56"]
[EventDate "2012.12.27"]
[EventType "team-swiss"]
[EventRounds "7"]
[EventCountry "GER"]
[SourceTitle "EXT 2014"]
[Source "ChessBase"]
[SourceDate "2013.11.20"]
[SourceVersion "1"]
[SourceVersionDate "2013.11.20"]
[SourceQuality "1"]
[WhiteTeam "Merseburg"]
[BlackTeam "Raesfeld Erle"]
[WhiteTeamCountry "GER"]
[BlackTeamCountry "GER"]

1. c4 d5 2. b3 Bf5 3. Nc3 dxc4 4. bxc4 Nf6 5. d3 Bg4 6. Bg5 e6 7. Bxf6 Qxf6 8. Qa4+ c6 9. Qc2 Bb4 10. Rc1 Ba3 11. Ne4 Qe7 12. Rb1 b6 13. Qc3 0-0 14. Ng3 Nd7 15. Nf3 a5 16. Nh5 Bxh5 17. h4 Bb4 18. Kd2 Bxc3+ 19. Kxc3 Qa3+ 20. Rb3 Qc1+ 21. Kd4 Qf4+ 22. Kc3 Nc5 23. Rxb6 Rab8 24. Rxc6 Na4+ 25. Kc2 Rb2+ 26. Kd1 Qb8 27. Nd4 Nc3+ 28. Kc1 e5 0-1